Statistics for Roseanne Barr Filmography

Click here to take the quiz!

General Stats

  • This quiz has been taken 15 times
    (3 since last reset)
  • The average score is 3 of 64

Answer Stats

TypeYearName% Correct
TV Show1988-1997, 2018Roseanne
67%
TV Show1991, 1992, 1994Saturday Night Live
67%
Film1991Freddy's Dead: The Final Nightmare
33%
Film2004Home on the Range
33%
Stand-Up Special2023Roseanne Barr: Cancel This!
33%
Film1989She-Devil
33%
Film200115 Minutes
0%
Award Show19941994 MTV Video Music Awards
0%
TV Show19973rd Rock from the Sun
0%
Short Film2004A Dairy Tale
0%
TV Show1992A Different World
0%
TV Film1991Backfield in Motion
0%
TV Show2008Big Brother: Celebrity Hijack
0%
Film1995Blue in the Face
0%
Film2000Cecil B. Demented
0%
TV Special1992Class Clowns
0%
TV Special2004CMT: 40 Sexiest Videos
0%
TV Special2012Comedy Central Roast of Roseanne
0%
TV Show2015Cristela
0%
TV Show1996Cybill
0%
TV Pilot2012Downwardly Mobile
0%
Film1993Even Cowgirls Get the Blues
0%
TV Show1993Family Feud
0%
TV Special1992Free to Laugh: A Comedy and Music Special for Amnesty International
0%
TV Show2003Futurama
0%
TV Show1994General Hospital
0%
Commercial1987Giant Supermarket
0%
TV Show1998-1999Hollywood Squares
0%
Film2001Joe Dirt
0%
TV Show1992Just for Laughs
0%
TV Show2022Kicked Out of Hollywood: Roseanne Barr
0%
TV Show2014-2015Last Comic Standing
0%
Film1990Look Who's Talking Too
0%
Film2014Master of a Good Name
0%
Film1997Meet Wally Sparks
0%
TV Show2014-2015Momsters: When Moms Go Bad
0%
TV Show2006My Name Is Earl
0%
Stand-Up Special1987On Location: The Roseanne Barr Show
0%
TV Show2013Portlandia
0%
Short Film2006Rockin' with Roseanne
0%
TV Special1992Roseanne and Tom: Getting Away with It
0%
TV Special2019Roseanne Barr & Rabbi Shmuley Show
0%
Stand-Up Special2006Roseanne Barr: Blonde and B***hin'
0%
Stand-Up Special1991Roseanne Barr Live from Trump Castle
0%
Documentary2015Roseanne for President!
0%
TV Show2011Roseanne's Nuts
0%
TV Show1996Saturday Night Special
0%
Commercial2011Snickers
0%
TV Show2013-2014Teenage Mutant Ninja Turtles
0%
TV Show1992The Ben Stiller Show
0%
TV Show1992The Jackie Thomas Show
0%
TV Show1993, 1994, 1995The Larry Sanders Show
0%
TV Show2014The Millers
0%
TV Show1997The Nanny
0%
TV Show1986-1987The New Hollywood Squares
0%
TV Show2013The Office
0%
Documentary Series2003The Real Roseanne Show
0%
TV Show1997-2000The Roseanne Show
0%
TV Short1992The Rosey & Buddy Show
0%
TV Pilot2009The Tipping Point
0%
Theater1997The Wizard of Oz
0%
TV Film1993The Woman Who Loved Elvis
0%
TV Show1999VH1's Karaoke Cabaret
0%
TV Show1995Women of the House
0%

Score Distribution

Percentile by Number Answered

Percent of People with Each Score

Your Score History

You have not taken this quiz since the last reset